| 000 | 00481nam a2200181Ia 4500 | ||
|---|---|---|---|
| 005 | 20250326125759.0 | ||
| 008 | 250326s9999 xx 000 0 und d | ||
| 037 | _aTextbook | ||
| 040 |
_aFMSL _beng _cFMSL |
||
| 041 |
_aeng _2eng |
||
| 084 |
_aS N5 _qFMSL |
||
| 100 |
_aEysenk H J _9739676 |
||
| 245 | 0 |
_aFacts & fiction in psychology _cEysenk H J |
|
| 260 |
_aMiddbosy _bMiddbosy, Penguin _c1965 |
||
| 300 | _a300p | ||
| 942 |
_cTB _hS N5 |
||
| 999 |
_c1279536 _d1279536 |
||